000 00574 a2200193 4500
001 60956
005 20260407155859.0
008 260407a1976 arg spa d
003 AR-UNSa-BCEJYS
040 _aAR-UNSa-BCEJYS
_bspa
_cAR-UNSa-BCEJYS
080 _a342
_xDerecho constitucional (Derecho Público)
245 1 0 _aTeoría constitucional
264 1 _aBuenos Aires :
_bEdiciones Depalma
_c1976
300 _a2 v. (xxix, 666 ; xv, 619 p.)
_c22 cm.
041 _aspa
942 _cBK
590 _aniveau_biblio:m niveau_hierar:0
100 1 _aVanossi, Jorge Reinaldo A.
999 _c7146
_d7146